Η ελιά : καλλιέργεια με σύγχρονες μεθόδους : κλάδεμα, λίπανση, ακαλλιεργησία

Αποθηκεύτηκε σε:
Λεπτομέρειες βιβλιογραφικής εγγραφής
Κύριος συγγραφέας: Μπαλατσούρας, Γιώργος Δημ., 1925-
Μορφή: Βιβλίο
Γλώσσα:Greek
Δημοσίευση: Αθήνα : Πελεκάνος, 1992.
Θέματα:
Ετικέτες: Προσθήκη ετικέτας
Δεν υπάρχουν, Καταχωρήστε ετικέτα πρώτοι!

MARC

LEADER 00000cam a2200000 a 4500
001 1/114783
008 170901s1992####gr da ||| |||| ||gre||
020 |a 9604000349  
040 |a GR-MyUa  |b gre  |c GR-MyUa  |e AACR2 
041 0 |a gre 
082 7 |a 634.63   |2 (23) 
100 1 |a Μπαλατσούρας, Γιώργος Δημ.,   |d 1925- 
245 1 0 |a Η ελιά :   |b καλλιέργεια με σύγχρονες μεθόδους : κλάδεμα, λίπανση, ακαλλιεργησία /   |c Γεώργιος Μπαλατσούρας.  
250 |a   
260 |a Αθήνα :   |b Πελεκάνος,   |c 1992.  
300 |a 160 σ. ;   |c 24 εκ.  
650 0 |a Olive. 
852 |a INST  |b LESVOS  |e 20170901  |h 634.63 ΜΠΑ  |p 005100059952  |q 005100059952  |t BK  |y 0 
970 |a Τζαφέρη  |b Ευαγγελία  |z 01-09-2017